<The> role of the OSCE as the regional arrangement of the charter of the United Nations

OBSE, predtým KBSE, je jednoznačným vyústením a pokračovaním tzv. Helsinkého procesu počas obdobia uvoľnenia v priebehu studenej vojny. Helsinký záverečný akt z roku 1975 a celý Helsinský process patria medzi najdóležitejšie piliere európskej bezpečnosti po konci Druhej svetovej vojny. V príspevku s...

Descrizione completa

Salvato in:
Dettagli Bibliografici
Autore principale: Goda, Samuel
Natura: Capitolo di libro
Lingua:inglese
Soggetti:
Tags: Aggiungi Tag
Nessun Tag, puoi essere il primo ad aggiungerne!!

MARC

LEADER 00000nla a2200000 4500
001 0175854
005 20240502073012.1
041 0 |a eng 
044 |a SK 
245 1 0 |a <The> role of the OSCE as the regional arrangement of the charter of the United Nations  |c Samuel Goda 
520 |a OBSE, predtým KBSE, je jednoznačným vyústením a pokračovaním tzv. Helsinkého procesu počas obdobia uvoľnenia v priebehu studenej vojny. Helsinký záverečný akt z roku 1975 a celý Helsinský process patria medzi najdóležitejšie piliere európskej bezpečnosti po konci Druhej svetovej vojny. V príspevku sa autor venuje postaveniu OBSE ako regionálnej organizácie v rámci OSN. Taktiež sa zamýšľa nad súčasnou situáciou OBSE a jej perspektívami v euroatlantickej a euroázijskej bezpečnostnej štruktúre. 
610 2 0 |a bezpečnosť európska 
610 2 0 |a bezpečnosť 
610 2 0 |a Organizácia spojených národov 
610 2 0 |a organizácie medzinárodné 
610 2 0 |a právo medzinárodné 
100 1 |a Goda, Samuel